Desarrollo profesional docente : (Record no. 151399)
[ view plain ]
| 000 -CABECERA | |
|---|---|
| campo de control de longitud fija | 00739nam a2200229 u 4500 |
| 005 - FECHA Y HORA DE LA ÚLTIMA TRANSACCIÓN | |
| campo de control | 20250411063834.0 |
| 008 - ELEMENTOS DE LONGITUD FIJA--INFORMACIÓN GENERAL | |
| campo de control de longitud fija | 110208s2009 es r 000 0 spa d |
| 020 ## - NÚMERO INTERNACIONAL NORMALIZADO PARA LIBROS | |
| Número Internacional Estándar del Libro | 9788427716377 |
| 035 ## - NÚMERO DE CONTROL DEL SISTEMA | |
| Número de control de sistema | UPN01000179296 |
| 049 ## - COLECCIÓN | |
| Colección | CG |
| 050 #4 - SIGNATURA TOPOGRÁFICA DE LA BIBLIOTECA DEL CONGRESO | |
| Número de clasificación | LB1775 |
| Número de documento/Ítem | M3.3 |
| 100 1# - ASIENTO PRINCIPAL--NOMBRE PERSONAL | |
| Nombre de persona | Marcelo García, Carlos |
| 9 (RLIN) | 32073 |
| 245 10 - MENCIÓN DE TÍTULO | |
| Título | Desarrollo profesional docente : |
| Resto del título | ¿cómo se aprende a enseñar? / |
| Mención de responsabilidad, etc. | Carlos Marcelo, Denise Vaillant. |
| 260 ## - PUBLICACIÓN, DISTRIBUCIÓN, ETC. | |
| Lugar de publicación, distribución, etc. | Madrid : |
| Nombre del editor, distribuidor, etc. | Narcea, |
| Fecha de publicación, distribución, etc. | c2009. |
| 300 ## - DESCRIPCIÓN FÍSICA | |
| Extensión | 171 p. : |
| Otras características físicas | tablas |
| 440 #0 - MENCIÓN DE SERIE/ASIENTO SECUNDARIO--TÍTULO | |
| Título | Educación hoy estudios |
| 650 #2 - ASIENTO SECUNDARIO DE MATERIA - TERMINO TEMATICO | |
| Término de materia o nombre geográfico como elemento de entrada | Enseñanza como profesión |
| 9 (RLIN) | 5829 |
| 650 #4 - ASIENTO SECUNDARIO DE MATERIA - TERMINO TEMATICO | |
| Término de materia o nombre geográfico como elemento de entrada | Formación profesional |
| 9 (RLIN) | 9108 |
| 650 #4 - ASIENTO SECUNDARIO DE MATERIA - TERMINO TEMATICO | |
| Término de materia o nombre geográfico como elemento de entrada | Desarrollo profesional |
| 9 (RLIN) | 12865 |
| 700 1# - ASIENTO SECUNDARIO--NOMBRE DE PERSONAL | |
| Nombre de persona | Vaillant, Denise, |
| Término indicativo de función/relación | coaut. |
| 9 (RLIN) | 42013 |
| 905 ## - TIPO DE MATERIAL | |
| Tipo de material | Libro |
| Estado de retiro | Estado de pérdida | Fuente del sistema de clasificación o colocación | Estado dañado | No para préstamo | Código de colección | Localización permanente | Ubicación/localización actual | Ubicación en estantería | Total de préstamos | Clasificación | Código de barras | Fecha visto por última vez | Número de copia | Tipo de ítem Koha | Fecha de adquisición | Fecha del último préstamo |
|---|---|---|---|---|---|---|---|---|---|---|---|---|---|---|---|---|
| Library of Congress Classification | Colección General | Bib. Gregorio Torres Quintero | Bib. Gregorio Torres Quintero | Planta baja | 33 | LB1775 M3.3 | 277206 | 01/09/2021 | 1 | Libro | ||||||
| Library of Congress Classification | Colección General | Bib. Gregorio Torres Quintero | Bib. Gregorio Torres Quintero | Planta baja | 29 | LB1775 M3.3 | 277204 | 22/03/2023 | 1 | Libro | 01/08/2022 | 10/03/2023 | ||||
| Library of Congress Classification | Colección General | Bib. Gregorio Torres Quintero | Bib. Gregorio Torres Quintero | Planta baja | 29 | LB1775 M3.3 | 277205 | 31/12/2020 | 1 | Libro |
